| 000 | 00973nam a2200265 a 4500 | ||
|---|---|---|---|
| 001 | 000022321 | ||
| 003 | DO-SdBNP | ||
| 005 | 20240927073747.0 | ||
| 007 | ta | ||
| 008 | 100927s2006 dr ac 000 0 spa d | ||
| 040 |
_aDO-SdBNP _bspa _cBNPHU |
||
| 082 | 4 |
_a923.17293 _bB171p _222 |
|
| 100 | 1 |
_aPérez Memén, Fernando, _d1943- _938744 |
|
| 245 | 1 | 3 |
_aEl joven Balaguer : _bliteratura, periodismo y política (1922-1930) / _cFernándo Pérez Memén. |
| 260 |
_aSanto Domingo : _bDe Colores, _c2006. |
||
| 300 |
_a356 p. : _bil., retr. ; _c24 cm. |
||
| 500 | _aIncluye datos biográficos del autor en las solapas | ||
| 500 | _aIncluye referencias bibliográficas y notas al pie de las páginas | ||
| 590 | _aInventariado, 2022/BT | ||
| 600 | 1 | 0 |
_a Balaguer, Joaquín, _d1906-2002 _vColecciones de escritos _976556 |
| 650 | 4 |
_aPoesia dominicana _943 |
|
| 650 | 4 |
_aPeriodismo _zRepública Dominicana _936 |
|
| 900 | _aValidado. Control de calidad. MFF | ||
| 942 |
_2ddc _cLBS1 |
||
| 999 |
_c21819 _d21819 |
||